Obras poéticas I: poesías y el estudiante de Salamanca

Guardat en:
Dades bibliogràfiques
Autor principal: Espronceda, José de (Autor)
Format: Llibre
Idioma:espanyol
Publicat: Madrid Espasa-Calpe 1952
Col·lecció:Clásicos castellanos, 47
Matèries:
Etiquetes: Afegir etiqueta
Sense etiquetes, Sigues el primer a etiquetar aquest registre!

MARC

LEADER 00000nam a2200000 a 4500
001 UCY2799
003 CL-VaPUC
008 941121e19520000SP |||||||||||||||||spa|d
082 0 4 |a 861  |b ESP  |2 21 
100 0 |a Espronceda, José de  |e author  |9 321870 
245 1 0 |a Obras poéticas I: poesías y el estudiante de Salamanca 
300 |a 256 p 
942 |c BK 
945 |d 19941121 00:00:00  |a mfernand 
260 |a Madrid  |b Espasa-Calpe  |c 1952 
650 0 |a Poesías españolas  |9 265100 
583 |a last modification  |c 19941121 00:00:00  |k Rodrigo Vera 
490 0 |a Clásicos castellanos, 47 
999 |c 231117  |d 231115 
952 |0 0  |1 0  |4 0  |6 861_000000000000000_ESP_1952  |7 0  |8 A  |9 233952  |a BIBEDU  |b BIBEDU  |d 2019-11-15  |i 3038149  |o 861 ESP 1952  |p 3038149  |r 2019-11-15  |w 2019-11-15  |y BK  |k LIT